000 01003nas a2200301 4500
001 BR9000143
003 BR-BrBNA
005 20231205091752.0
007 ta
008 230509b bl.|||p| |||| 00| 00por d
040 _aBR-BrBNA
_bpor
_cBiblioteca Nacional de Agricultura
041 _a(Pt)
072 _aF04
100 1 _aReis, E.L.R.
100 1 _aCartibani, M.M.B.
100 1 _aSantana, C.J.L. de
111 1 _a18. Reuniao Brasileira de Fertilidade do Solo
_cGuarapari, ES (Brazil)
_d1988
245 1 _aAvaliacao de doses de fertilizantes para viveiro de seringueira no sul da Bahia
246 1 _aEvaluation of fertilizers doses for rubber plants in nursery in southern Bahia
650 _aSERINGUEIRA
650 _aFERTILIZANTE
650 _aADUBACAO
650 _aBAHIA
773 0 _tAgrotropica (Brazil)
_xISSN 0103-3816
_g(Jan-Apr 1989), v. 1(1) p. 52-56
_wBR9000143
856 4 0 _dLink DSPACE/MAPA BR9000143
909 _a202311
_bLúcia
_c55
_dLúcia Elande
942 _2AGRIS
_n0
_cANA
999 _c127225
_d127225